Atlas of gender and health inequalities in India (Record no. 1679529)

MARC details
000 -LEADER
fixed length control field 00718 a2200241 4500
005 - DATE AND TIME OF LATEST TRANSACTION
control field 20260406163048.0
008 - FIXED-LENGTH DATA ELEMENTS--GENERAL INFORMATION
fixed length control field 260406b |||||||| |||| 00| 0 eng d
020 ## - INTERNATIONAL STANDARD BOOK NUMBER
International Standard Book Number 978-3-031-77861-2
037 ## - SOURCE OF ACQUISITION
Terms of availability TB
040 ## - CATALOGING SOURCE
Original cataloging agency CRL
Transcribing agency CRL
041 ## - LANGUAGE CODE
Source of code eng
Language code of text/sound track or separate title eng
084 ## - COLON CLASSIFICATION NUMBER
Classification number Y150aL:5.2 R5
Assigning agency CRL
245 ## - TITLE STATEMENT
Title Atlas of gender and health inequalities in India
260 ## - PUBLICATION, DISTRIBUTION, ETC.
Place of publication, distribution, etc. Switzerland:
Name of publisher, distributor, etc. Springer,
Date of publication, distribution, etc. 2023.
300 ## - PHYSICAL DESCRIPTION
Extent 247p.
365 ## - TRADE PRICE
Price amount 1995
Currency code INR
650 ## - SUBJECT ADDED ENTRY--TOPICAL TERM
Topical term or geographic name entry element Women-India
650 ## - SUBJECT ADDED ENTRY--TOPICAL TERM
Topical term or geographic name entry element Sociology
650 ## - SUBJECT ADDED ENTRY--TOPICAL TERM
Topical term or geographic name entry element Medicine
700 ## - ADDED ENTRY--PERSONAL NAME
Personal name Guilmoto, Christophe Z.
Relator term Editor,
9 (RLIN) 1115566
942 ## - ADDED ENTRY ELEMENTS (KOHA)
Koha item type Textbook
Source of classification or shelving scheme Colon Classification (CC)
Classification part Y150aL:5.2 R5
Holdings
Withdrawn status Lost status Source of classification or shelving scheme Damaged status Not for loan Home library Current library Date acquired Source of acquisition Cost, normal purchase price Inventory number Total Checkouts Full call number Barcode Date last seen Cost, replacement price Price effective from Koha item type
    Colon Classification (CC)     Central Library Central Library 2026-04-06 Govinda Books House 1596.00 7049 & 16/02/2026   Y150aL:5.2 R5 CL1926480 2026-02-18 1995.00 2026-02-18 Textbook
Copyright @ Delhi University Library System